50 Biggest Places In Montana - Statistics

General Stats
  • This quiz has been taken 7 times
  • The average score is 23 of 50
Answer Stats
First Letter County(s) Population Answer % Correct
B Yellowstone 123,290 Billings
100%
H Lewis and Clark 35,944 Helena
100%
B Gallatin 59,614 Bozeman
86%
G Dawson 4,751 Glendive
86%
G Cascade 60,406 Great Falls
86%
K Flathead 33,194 Kalispell
86%
M Missoula 79,996 Missoula
86%
W Flathead 10,035 Whitefish
86%
L Lincoln 3,421 Libby
71%
M Custer 8,490 Miles City
71%
B Gallatin 13,721 Belgrade
57%
D Powell 3,033 Deer Lodge
57%
E Lewis and Clark 2,264 East Helena
57%
G Valley 3,170 Glasgow
57%
H Hill 9,326 Havre
57%
L Park 9,196 Livingston
57%
S Richland 5,945 Sidney
57%
W Roosevelt 2,437 Wolf Point
57%
B Deer Lodge 36,453 Butte-Silver Bow
43%
C Flathead 5,943 Columbia Falls
43%
C Pondera 2,464 Conrad
43%
C Glacier 2,990 Cut Bank
43%
D Beaverhead 4,370 Dillon
43%
E Flathead 8,739 Evergreen
43%
H Ravalli 5,630 Hamilton
43%
H Big Horn 3,643 Hardin
43%
L Yellowstone 7,177 Laurel
43%
L Fergus 6,267 Lewistown
43%
P Lake 5,909 Polson
43%
R Lake 2,304 Ronan
43%
S Toole 3,336 Shelby
43%
S Ravalli 2,338 Stevensville
43%
T Broadwater 2,337 Townsend
43%
A Deer Lodge 9,841 Anaconda-Deer Lodge
29%
B Flathead 5,124 Bigfork
29%
H Lewis and Clark 4,558 Helena Valley Northeast
29%
H Lewis and Clark 5,558 Helena Valley Northwest
29%
H Lewis and Clark 9,661 Helena Valley Southeast
29%
L Missoula 4,743 Lolo
29%
M Cascade 4,483 Malmstrom AFB/Malmstrom Air Force Base/Malmstrom
29%
M Jefferson 2,716 Montana City
29%
N Glacier 3,149 North Browning
29%
R Carbon 2,838 Red Lodge
29%
F Gallatin 6,252 Four Corners
14%
H Lewis and Clark 8,287 Helena Valley West Central
14%
L Flathead 2,538 Lakeside
14%
L Big Horn 7,542 Lockwood
14%
O Missoula 5,282 Orchard Homes
14%
B Gallatin 2,954 Big Sky
0%
K Gallatin 2,357 King Arthur Park
0%
No matching quizzes found
Score Distribution
Percent of People with Each Score
Percentile by Number Answered
Your Score History
You have not taken this quiz